[Event "Coria del Rio op 13th"]
[Site "Coria del Rio"]
[Date "2007.02.21"]
[Round "1"]
[White "Pogorelov, Ruslan"]
[Black "Perez Perez, Manuel Angel"]
[Result "1-0"]
[WhiteElo "2441"]
[BlackElo "2089"]
[PlyCount "45"]
[EventDate "2007.02.20"]
[EventType "swiss"]
[EventRounds "9"]
[EventCountry "ESP"]
[SourceTitle "CBM 117 Extra"]
[Source "ChessBase"]
[SourceDate "2007.05.09"]
[SourceVersion "1"]
[SourceVersionDate "2007.05.09"]
[SourceQuality "1"]

1. Nf3 Nf6 2. c4 g6 3. Nc3 Bg7 4. e4 d6 5. d4 0-0 6. Be2 e5 7. 0-0 Nc6 8. d5 Ne7 9. Ne1 Nd7 10. Be3 f5 11. f3 f4 12. Bf2 g5 13. a4 Nf6 14. a5 h5 15. c5 Ng6 16. cxd6 cxd6 17. Nb5 g4 18. Bxa7 Nxe4 19. fxe4 Qg5 20. Kh1 Nh4 21. Bb6 f3 22. gxf3 g3 23. Rg1 1-0

[Event "Dos Hermanas-D"]
[Site "Dos Hermanas"]
[Date "2005.04.08"]
[Round "8"]
[White "Perez Perez, Manuel Angel"]
[Black "Gallardo Fernandez, Cesar"]
[Result "1-0"]
[WhiteElo "2048"]
[BlackElo "2162"]
[PlyCount "61"]
[EventDate "2005.04.01"]
[EventType "tourn"]
[EventRounds "9"]
[EventCountry "ESP"]
[SourceTitle "CBM 105 Extra"]
[Source "ChessBase"]
[SourceDate "2005.05.01"]
[SourceVersion "1"]
[SourceVersionDate "2005.05.01"]
[SourceQuality "1"]

1. e4 e6 2. d4 d5 3. Nc3 Bb4 4. e5 c5 5. a3 Ba5 6. b4 cxd4 7. Qg4 Ne7 8. bxa5 dxc3 9. Qxg7 Rg8 10. Qxh7 Qxa5 11. Nf3 Nbc6 12. Bg5 Bd7 13. Bf6 Qa4 14. h4 0-0-0 15. Qd3 d4 16. Rb1 a6 17. g3 Qxa3 18. Bg2 Qc5 19. 0-0 Rde8 20. Ng5 Nf5 21. Ne4 Qa5 22. Qc4 Qc7 23. Nc5 b5 24. Qa2 Qa5 25. Qxa5 Nxa5 26. Ra1 Nc6 27. Rxa6 Nb8 28. Rb6 Ne7 29. Ra1 Nd5 30. Bxd5 exd5 31. Ra7 1-0

[Event "Dos Hermanas-D"]
[Site "Dos Hermanas"]
[Date "2005.04.05"]
[Round "5"]
[White "Pereira Figueroa, Manuel"]
[Black "Perez Perez, Manuel Angel"]
[Result "1-0"]
[WhiteElo "2089"]
[BlackElo "2048"]
[PlyCount "101"]
[EventDate "2005.04.01"]
[EventType "tourn"]
[EventRounds "9"]
[EventCountry "ESP"]
[SourceTitle "CBM 105 Extra"]
[Source "ChessBase"]
[SourceDate "2005.05.01"]
[SourceVersion "1"]
[SourceVersionDate "2005.05.01"]
[SourceQuality "1"]

1. d4 d5 2. c4 Nc6 3. e3 Nf6 4. Nf3 Bg4 5. Be2 e6 6. Nc3 Bb4 7. Bd2 0-0 8. Rc1 Ne7 9. Nb1 Bxd2+ 10. Nbxd2 Rc8 11. b4 a5 12. a3 c6 13. Ne5 Bxe2 14. Qxe2 Ne8 15. 0-0 f6 16. Nd3 axb4 17. axb4 Ng6 18. Qg4 f5 19. Qe2 Nf6 20. c5 Qc7 21. Nf3 Rce8 22. Qb2 f4 23. Nfe5 fxe3 24. f3 Nxe5 25. dxe5 Nh5 26. Qd4 Qf7 27. f4 g6 28. Qxe3 Ng7 29. g4 Qe7 30. Qg3 Rb8 31. Ne1 b6 32. Rf3 bxc5 33. bxc5 Qa7 34. Ra3 Qb7 35. Nd3 Ra8 36. Rca1 Rxa3 37. Rxa3 Rb8 38. Qe1 Qb5 39. Qc1 Ne8 40. Qc2 Nc7 41. Ra2 Qb7 42. Rb2 Nb5 43. Qg2 Kf7 44. Qh3 Kg8 45. f5 gxf5 46. gxf5 exf5 47. Rg2+ Kh8 48. Qxf5 Qe7 49. e6 Rf8 50. Qe5+ Qf6 51. e7 1-0

[Event "Dos Hermanas-D"]
[Site "Dos Hermanas"]
[Date "2005.04.01"]
[Round "1"]
[White "Perez Perez, Manuel Angel"]
[Black "Beletsky, Alexey"]
[Result "0-1"]
[WhiteElo "2048"]
[BlackElo "2372"]
[PlyCount "42"]
[EventDate "2005.04.01"]
[EventType "tourn"]
[EventRounds "9"]
[EventCountry "ESP"]
[SourceTitle "CBM 105 Extra"]
[Source "ChessBase"]
[SourceDate "2005.05.01"]
[SourceVersion "1"]
[SourceVersionDate "2005.05.01"]
[SourceQuality "1"]

1. e4 c5 2. Nf3 d6 3. d4 cxd4 4. Nxd4 Nf6 5. Nc3 g6 6. Be3 Bg7 7. f3 Nc6 8. Qd2 0-0 9. 0-0-0 Nxd4 10. Bxd4 Be6 11. Kb1 Qc7 12. h4 Rfc8 13. h5 Qa5 14. hxg6 hxg6 15. a3 Rab8 16. g4 b5 17. Qg5 Qc7 18. Bd3 b4 19. e5 bxc3 20. b4 Qa5 21. exf6 Rxb4+ 0-1

[Event "Seville op 30th"]
[Site "Seville"]
[Date "2005.01.08"]
[Round "2"]
[White "Perez Perez, Manuel Angel"]
[Black "Teran Alvarez, Ismael"]
[Result "0-1"]
[WhiteElo "2026"]
[BlackElo "2431"]
[PlyCount "60"]
[EventDate "2005.01.07"]
[EventType "swiss"]
[EventRounds "9"]
[EventCountry "ESP"]
[SourceTitle "CBM 104 Extra"]
[Source "ChessBase"]
[SourceDate "2005.03.01"]
[SourceVersion "1"]
[SourceVersionDate "2005.03.01"]
[SourceQuality "1"]

1. e4 c5 2. Nf3 Nc6 3. d4 cxd4 4. Nxd4 e5 5. Nb5 d6 6. N1c3 a6 7. Na3 b5 8. Nd5 Nf6 9. Bg5 Be7 10. Bxf6 Bxf6 11. Qh5 Be6 12. Bd3 Bg5 13. Nc7+ Qxc7 14. Qxg5 0-0 15. 0-0 Nb4 16. Qd2 Qc5 17. c3 Nxd3 18. Qxd3 Rfd8 19. Rfd1 d5 20. Nc2 h6 21. a4 bxa4 22. Rxa4 Qb6 23. Rb4 dxe4 24. Qe2 Rxd1+ 25. Qxd1 Qc6 26. Qe2 f5 27. g4 f4 28. Rxe4 Bxg4 29. f3 Bf5 30. Rxe5 Qg6+ 0-1

[Event "Coria del Rio op 10th"]
[Site "Coria del Rio"]
[Date "2004.02.12"]
[Round "2"]
[White "Khamrakulov, Ibragim S"]
[Black "Perez Perez, Manuel Angel"]
[Result "1-0"]
[WhiteElo "2452"]
[BlackElo "2010"]
[PlyCount "81"]
[EventDate "2004.02.11"]
[EventType "swiss"]
[EventRounds "9"]
[EventCountry "ESP"]
[SourceTitle "CBM 098 Extra"]
[Source "ChessBase"]
[SourceDate "2004.03.10"]
[SourceVersion "2"]
[SourceVersionDate "2004.03.10"]
[SourceQuality "1"]

1. e4 c5 2. c3 Nf6 3. e5 Nd5 4. Nf3 Nc6 5. d4 cxd4 6. cxd4 d6 7. exd6 Qxd6 8. h3 Bf5 9. a3 Rc8 10. Nbd2 Qe6+ 11. Qe2 Qxe2+ 12. Bxe2 Nf4 13. g4 Nxe2 14. Kxe2 Be6 15. b4 g6 16. Bb2 Bg7 17. Rhf1 0-0 18. Ke3 f5 19. Rg1 f4+ 20. Kd3 Rc7 21. Rac1 Rd7 22. b5 Na5 23. Rge1 Bd5 24. Ne5 Bxe5 25. Rxe5 b6 26. Bc3 Rc8 27. Rce1 Kf7 28. Bb4 e6 29. Bxa5 bxa5 30. Ne4 Bc4+ 31. Kc3 Bxb5+ 32. Nc5 Rd6 33. R1e4 Bf1 34. Rxf4+ Ke7 35. g5 Rc7 36. Re1 Bg2 37. f3 Kd8 38. Rf8+ Ke7 39. Rh8 Bxf3 40. Rf1 e5 41. Rxf3 1-0

[Event "Seville op 29th"]
[Site "Seville"]
[Date "2004.01.10"]
[Round "2"]
[White "Perez Perez, Manuel Angel"]
[Black "Matamoros Franco, Carlos S"]
[Result "0-1"]
[WhiteElo "2010"]
[BlackElo "2490"]
[PlyCount "44"]
[EventDate "2004.01.09"]
[EventType "swiss"]
[EventRounds "9"]
[EventCountry "ESP"]
[SourceTitle "CBM 098 Extra"]
[Source "ChessBase"]
[SourceDate "2004.03.10"]
[SourceVersion "2"]
[SourceVersionDate "2004.03.10"]
[SourceQuality "1"]

1. e4 e6 2. d3 c5 3. Nf3 Nc6 4. g3 g6 5. Bg2 Bg7 6. 0-0 Nge7 7. Re1 d6 8. c3 e5 9. a4 0-0 10. Be3 h6 11. d4 exd4 12. cxd4 d5 13. e5 cxd4 14. Nxd4 Nxe5 15. Bxh6 Bxh6 16. Rxe5 Bg7 17. Re1 Nc6 18. Nxc6 bxc6 19. Qc2 Qa5 20. Nc3 Rb8 21. Rac1 Bf5 22. Qd2 d4 0-1

[Event "Pablo Gorbea Memorial 5th"]
[Site "Madrid"]
[Date "2001.09.06"]
[Round "1"]
[White "Perez Perez, Manuel Angel"]
[Black "Gustafsson, Jan"]
[Result "0-1"]
[WhiteElo "2056"]
[BlackElo "2535"]
[PlyCount "68"]
[EventDate "2001.09.06"]
[EventType "swiss"]
[EventRounds "9"]
[EventCountry "ESP"]
[SourceTitle "CBM 084 Extra"]
[Source "ChessBase"]
[SourceDate "2001.10.26"]
[SourceVersion "1"]
[SourceVersionDate "2001.10.26"]
[SourceQuality "1"]

1. e4 c5 2. Nf3 Nc6 3. Nc3 e6 4. g3 d5 5. d3 Nf6 6. Bg5 Be7 7. Bg2 h6 8. Bf4 d4 9. Ne2 Nd7 10. 0-0 g5 11. Bd2 h5 12. h3 e5 13. Nh2 h4 14. g4 Nf8 15. c3 Be6 16. c4 Ng6 17. a3 a6 18. b4 cxb4 19. axb4 Bxb4 20. Nf3 Bxd2 21. Qxd2 f6 22. Rfb1 Rh7 23. Qb2 Rc7 24. Nd2 Nf8 25. Nb3 Nd7 26. Qa3 Qe7 27. Qc1 Kf7 28. Qd2 b6 29. Qb2 a5 30. Ra4 Rb8 31. Qd2 b5 32. cxb5 Rxb5 33. Nec1 Nc5 34. Qd1 Nxa4 0-1